Diccionario biográfico de Madrid: mil hijos ilustres, curiosos, populares y pintorescos

সংরক্ষণ করুন:
গ্রন্থ-পঞ্জীর বিবরন
প্রধান লেখক: Río, Angel del (Author)
বিন্যাস: গ্রন্থ
ভাষা:স্প্যানিশ
প্রকাশিত: Madrid Asamblea de Madrid 1997
Madrid Marcial Pons Ediciones Jurídicas y Sociales 1997
বিষয়গুলি:
ট্যাগগুলো: ট্যাগ যুক্ত করুন
কোনো ট্যাগ নেই, প্রথমজন হিসাবে ট্যাগ করুন!

MARC

LEADER 00000nam a2200000 a 4500
001 UCG1694
003 CL-VaPUC
008 100513e19970000SP |||||||||||||||||spa|d
020 |a 8472485110 
082 0 4 |a 920.003  |b RIO  |2 21 
100 0 |a Río, Angel del  |e author  |9 549661 
245 1 0 |a Diccionario biográfico de Madrid: mil hijos ilustres, curiosos, populares y pintorescos 
300 |a 451 p 
942 |c BK 
945 |d 20100513 00:00:00  |a dcastane 
260 |a Madrid  |b Asamblea de Madrid  |c 1997 
260 |a Madrid  |b Marcial Pons Ediciones Jurídicas y Sociales  |c 1997 
650 0 |a Biografías  |9 255210 
650 7 |a ESPAÑOLES ILUSTRES  |2 CL-VaPUC  |9 549662 
650 0 |a Diccionarios  |9 256200 
583 |a last modification  |c 20130326 09:50:00  |k Rodrigo Vera 
999 |c 340968  |d 340966 
952 |0 0  |1 0  |4 0  |6 920_003000000000000_RIO_1997_1997  |7 0  |8 X  |9 436147  |a FDOBUD  |b FDOBUD  |d 2019-11-22  |i 4672178  |o 920.003 RIO 1997 1997  |p 4672178  |r 2019-11-22  |w 2019-11-22  |y BK_X  |k BUD